| 000 | 00563nam a2200205Ia 4500 | ||
|---|---|---|---|
| 003 | OSt | ||
| 005 | 20241015162648.0 | ||
| 008 | 210210b2010 xxu||||| |||| 00| 0 eng d | ||
| 020 | _a9780742556133 | ||
| 040 | _cAL | ||
| 041 | _aeng | ||
| 082 | _a305.43 GOOG | ||
| 100 |
_aGOODMAN (Jacqueline) Ed _9182386 |
||
| 245 | _aGlobal perspectives on gender and work: Readings and interpretations | ||
| 260 |
_aNew York _bRowman & Littlefield Publishers, Inc. _c2010 |
||
| 300 | _avii,606 | ||
| 690 |
_aWomen Studies _9182387 |
||
| 906 | _a071385 | ||
| 942 |
_2ddc _cBK |
||
| 999 |
_c120697 _d120697 |
||